| 000 | 00691nam a2200217 a 4500 | ||
|---|---|---|---|
| 005 | 20230905063539.0 | ||
| 008 | 040426s1993 mx r 000 0 spa d | ||
| 020 | _a0387979840 | ||
| 035 | _aUPN01000133107 | ||
| 049 | _aCG | ||
| 050 | 4 |
_aPE2808.8 _bO4.3 |
|
| 100 | 1 | _aOlive, Joseph P. | |
| 245 | 1 | 0 |
_aAcoustics of american english speech : _ba dynamic approach / _cJoseph P. Olive, Alice Greenwood y John Coleman. |
| 260 |
_aNew York : _bSpringer, _cc1993. |
||
| 300 |
_a396 p. : _bil. |
||
| 650 | 4 |
_aInglés _xPronunciación _922071 |
|
| 650 | 4 |
_aINGLES - _zESTADOS UNIDOS - _xFONETICA _9331 |
|
| 700 | 1 |
_aGreenwood, Alice, _ecoaut. |
|
| 700 | 1 |
_aColeman, John, _ecoaut. |
|
| 905 | _aLibro | ||
| 999 |
_c105260 _d105260 |
||